00421 2200181 4500001002100000005001500021008004100036020002200077035001900099041000700118082000800125090001400133100001600147245000700163260002800170300002000198650002100218INLIS00000000000331220241224112711241224||||||||| | ||| |||| || |  a978-979-025-236-3 0010-1224003312 aid0 a813 a813 STE o0 aStefani Hid00aOz aJakartabGrasindoc2008 a136 hlm.; 20 cm 0aIlmu Kesusatraan